Länder nach Wappen #2 - Statistiken

Allgemein
  • Dieses Quiz wurde 1.707 mal gespielt
  • Das Durchschnittsergebnis liegt bei 8 aus 15
Antwortstatistiken
Bildquiz Antwort % Korrekt
Ägypten
89%
Australien
84%
Mexiko
84%
Argentinien
72%
Vatikanstadt
57%
Russland
56%
Peru
54%
Haiti
53%
Thailand
50%
Vereinigtes Königreich
49%
Japan
47%
Saudi-Arabien
47%
Bhutan
44%
Botswana
32%
Demokratische Republik Kongo
28%
Keine übereinstimmenden Quizze gefunden
Verteilung der Resultate
Anzahl Personen mit jedem Resultat
Perzentil nach korrekt beantworteten Fragen
Ihre Resultats-Entwicklung
Sie haben dieses Quiz noch nicht gespielt